[Event "Bastiais Master 5th"]
[Site "Bastia"]
[Date "2007.03.??"]
[Round "?"]
[White "Cesari, Cathy"]
[Black "Casanova, Marcel"]
[Result "1-0"]
[WhiteElo "1180"]
[BlackElo "1300"]
[PlyCount "55"]
[EventDate "2007.03.??"]
[EventType "swiss"]
[EventRounds "9"]
[EventCountry "FRA"]
[SourceTitle "CBM 117 Extra"]
[Source "ChessBase"]
[SourceDate "2007.05.09"]
[SourceVersion "1"]
[SourceVersionDate "2007.05.09"]
[SourceQuality "1"]

1. e4 e5 2. Nf3 d6 3. d4 Bg4 4. Be2 Bxf3 5. Bxf3 Nc6 6. d5 Nd4 7. 0-0 Nxf3+ 8. Qxf3 Nf6 9. Nc3 c6 10. Bg5 Be7 11. Rad1 0-0 12. Bxf6 Bxf6 13. Rfe1 a5 14. b3 Qc8 15. Qe2 b5 16. dxc6 Qxc6 17. Nxb5 Be7 18. a4 f5 19. Kh1 fxe4 20. Rf1 d5 21. f3 exf3 22. Rxf3 Rxf3 23. Qxf3 Qxc2 24. Qxd5+ Kf8 25. Rg1 Rc8 26. Rf1+ Bf6 27. Nd6 Qc5 28. Qf7# 1-0